000 00704cam a2200229 4500
008 090401t1996 xxu||||| |||| 00| 0 eng d
020 _a1860810683
035 _a(Sirsi) u60630
041 _aeng
050 _a695
100 _aHarrison, H. W.
245 _aRoofs and roofing : performance, diagnosis, maintenance, repair and the avoidance of defects.
260 _aGarston, Watford
_bBuilding Research Establishment
_c1996
300 _avii,242p. : ill. ; 30cm.
350 _a29.5
490 _aBRE Building Renewal
_v302
650 _aBUILDING DEFECTS
690 _aBUILT ENVIRONMENT-CONSTRUCTION DESIGN
710 _aBuilding Research Establishment
942 _n0
948 _c04/03/1997
999 _c94245
_d94245